The first decade of behavioural research in the discipline of property. (Record no. 60995)

MARC details
000 -LEADER
fixed length control field 00712cam a2200181 4500
001 - CONTROL NUMBER
control field ABS61273
008 - FIXED-LENGTH DATA ELEMENTS--GENERAL INFORMATION
fixed length control field 000000n1999 000 0 eng u
035 ## - SYSTEM CONTROL NUMBER
System control number (Sirsi) u101894
100 ## - MAIN ENTRY--PERSONAL NAME
Personal name Diaz, J.
245 #4 - TITLE STATEMENT
Title The first decade of behavioural research in the discipline of property.
260 ## - PUBLICATION, DISTRIBUTION, ETC.
Date of publication, distribution, etc. 1999
490 ## - SERIES STATEMENT
Series statement Journal of Property Investment and Finance
Volume/sequential designation 17(4) 1999, 326-332(4)
520 ## - SUMMARY, ETC.
Summary, etc. Introductory literature review of behavioural research in property. This is a new discipline, still in its first decade, and has been applied mostly to valuation.
650 ## - SUBJECT ADDED ENTRY--TOPICAL TERM
Topical term or geographic name entry element PROPERTY RESEARCH
650 ## - SUBJECT ADDED ENTRY--TOPICAL TERM
Topical term or geographic name entry element ACADEMIC RESEARCH
690 ## - LOCAL SUBJECT ADDED ENTRY--TOPICAL TERM (OCLC, RLIN)
Topical term or geographic name as entry element MANAGEMENT-BUSINESS MANAGEMENT-PROFESSIONAL PRACTICE
942 ## - ADDED ENTRY ELEMENTS (KOHA)
Suppress in OPAC 0
Holdings
Withdrawn status Lost status Source of classification or shelving scheme Damaged status Not for loan Home library Current library Shelving location Date acquired Total Checkouts Full call number Barcode Date last seen Copy number Price effective from Koha item type
    Dewey Decimal Classification     London London Journal article 12/11/1999   ABS61273 101894-1001 06/08/2019 1 06/08/2019 Journal article